[Event "CZE-ch U18/20 Girls"]
[Site "Spindleruv Mlyn"]
[Date "2022.03.14"]
[Round "4"]
[White "Lhotska, Anna"]
[Black "Kralova, Gabriela"]
[Result "1-0"]
[WhiteElo "2033"]
[BlackElo "1746"]
[PlyCount "93"]
[EventDate "2022.03.13"]
[EventType "tourn"]
[EventRounds "9"]
[EventCountry "CZE"]
[SourceTitle "EXT 2023"]
[Source "ChessBase"]
[SourceDate "2022.10.05"]
[SourceVersion "1"]
[SourceVersionDate "2022.10.05"]
[SourceQuality "1"]

1. e4 e5 2. Nf3 Nc6 3. Bb5 a6 4. Ba4 Nf6 5. 0-0 b5 6. Bb3 Be7 7. Qe2 0-0 8. c3 d6 9. Rd1 Na5 10. Bc2 c5 11. d4 Qc7 12. d5 Nc4 13. b3 Nb6 14. a4 Bd7 15. a5 Nc8 16. Nbd2 h6 17. Nf1 Nh7 18. Ng3 Qd8 19. h3 Bh4 20. Nxh4 Qxh4 21. Nf5 Qf6 22. c4 b4 23. f4 Ne7 24. fxe5 Qxe5 25. Nxe7+ Qxe7 26. Bf4 Qf6 27. Rf1 Rfe8 28. Rae1 Nf8 29. Qd3 Ng6 30. Bxh6 Qh4 31. Bd2 Ne5 32. Qe3 f6 33. Rf4 Qh6 34. Qf2 Qh5 35. Rh4 Qg6 36. Re3 Qf7 37. Rf4 Ng6 38. Rff3 Re5 39. Rg3 Rae8 40. Re1 Kf8 41. Bc1 Rh5 42. Rf1 Ne5 43. Be3 Ke7 44. Bxc5 Reh8 45. Bxb4 Bxh3 46. Qb6 Bd7 47. Bxd6+ 1-0

[Event "CZE-ch rapid U20"]
[Site "Ceska Trebova"]
[Date "2020.09.19"]
[Round "1"]
[White "Kralova, Gabriela"]
[Black "Brejnik, Gustav"]
[Result "0-1"]
[WhiteElo "1534"]
[BlackElo "2105"]
[PlyCount "89"]
[EventDate "2020.09.19"]
[EventType "swiss (rapid)"]
[EventRounds "9"]
[EventCountry "CZE"]
[SourceTitle "CBM 198 Extra"]
[Source "ChessBase"]
[SourceDate "2020.11.30"]
[SourceVersion "1"]
[SourceVersionDate "2020.11.30"]
[SourceQuality "1"]

1. d4 d5 2. Nf3 Nf6 3. c4 c6 4. cxd5 cxd5 5. Nc3 Nc6 6. Bg5 Ne4 7. Bh4 Bf5 8. Qb3 Nxc3 9. bxc3 Qa5 10. e3 e6 11. Bb5 Bd6 12. 0-0 0-0 13. c4 a6 14. cxd5 axb5 15. dxc6 bxc6 16. Bg3 Bxg3 17. hxg3 Be4 18. a3 Rfc8 19. Rfc1 h6 20. Rc5 Qa4 21. Rc3 b4 22. Qxa4 Rxa4 23. Rb3 Bxf3 24. gxf3 Rca8 25. Ra2 Rxa3 26. Rab2 Rxb3 27. Rxb3 Rb8 28. Kf1 Kf8 29. Ke2 Ke7 30. Kd3 Kd6 31. Kc4 e5 32. dxe5+ Kxe5 33. Kc5 g5 34. Kxc6 h5 35. f4+ gxf4 36. exf4+ Kd4 37. Kc7 Rb5 38. Kc6 Kc4 39. Re3 Rc5+ 40. Kb6 Rd5 41. Re4+ Kc3 42. Kc6 Rd4 43. Re3+ Rd3 44. Re2 b3 45. Kc5 0-1

[Event "CZE-ch rapid U20"]
[Site "Ceska Trebova"]
[Date "2020.09.19"]
[Round "5"]
[White "Kralova, Gabriela"]
[Black "Nemcova, Karin"]
[Result "0-1"]
[WhiteElo "1534"]
[BlackElo "1644"]
[PlyCount "72"]
[EventDate "2020.09.19"]
[EventType "swiss (rapid)"]
[EventRounds "9"]
[EventCountry "CZE"]
[SourceTitle "CBM 198 Extra"]
[Source "ChessBase"]
[SourceDate "2020.11.30"]
[SourceVersion "1"]
[SourceVersionDate "2020.11.30"]
[SourceQuality "1"]

1. d4 Nf6 2. Nf3 d5 3. c4 e6 4. Nc3 Bb4 5. Qc2 dxc4 6. a3 Ba5 7. Qa4+ Nc6 8. Qxc4 Bxc3+ 9. Qxc3 Nd5 10. Qc2 0-0 11. e4 Nde7 12. Qc3 f5 13. e5 Nd5 14. Qc2 Nce7 15. Bc4 h6 16. h4 b6 17. b4 a5 18. b5 c6 19. Bd2 cxb5 20. Bxb5 Bd7 21. Bxd7 Qxd7 22. 0-0 Rfc8 23. Qb2 Rc4 24. Rac1 Rac8 25. Rxc4 Rxc4 26. Rc1 Qc7 27. Rxc4 Qxc4 28. g3 Nc6 29. Be3 b5 30. Nd2 Qd3 31. Nf1 b4 32. axb4 axb4 33. Qa2 Kh7 34. Qa1 b3 35. Qb2 Nxe3 36. fxe3 Qc2 0-1

[Event "EU-ch U18 Girls"]
[Site "Bratislava"]
[Date "2019.08.07"]
[Round "6"]
[White "Vidmar, Klara"]
[Black "Kralova, Gabriela"]
[Result "1-0"]
[WhiteElo "1821"]
[BlackElo "1655"]
[PlyCount "65"]
[EventDate "2019.08.02"]
[EventType "swiss"]
[EventRounds "9"]
[EventCountry "SVK"]
[SourceTitle "CBM 191 Extra"]
[Source "ChessBase"]
[SourceDate "2019.09.30"]
[SourceVersion "1"]
[SourceVersionDate "2019.09.30"]
[SourceQuality "1"]

1. e4 e5 2. Nf3 Nc6 3. Bc4 Nf6 4. d3 Be7 5. Nc3 d6 6. h3 0-0 7. Be3 Be6 8. Bb3 Qd7 9. 0-0 Kh8 10. Nd5 Ng8 11. Nxe7 Ncxe7 12. Ng5 Bxb3 13. axb3 f6 14. Nf3 f5 15. exf5 Qxf5 16. Nh2 a6 17. Qf3 Qxf3 18. Nxf3 Nd5 19. Bd2 Nge7 20. d4 exd4 21. Nxd4 Ng6 22. Rae1 Rfe8 23. Ne6 c6 24. c4 Nf6 25. Bc3 Re7 26. f4 Rae8 27. f5 Nh4 28. g4 h5 29. g5 Rxe6 30. Rxe6 Rxe6 31. fxe6 Ng8 32. Rf7 Ng6 33. Rxg7 1-0

[Event "EU-ch U18 Girls"]
[Site "Bratislava"]
[Date "2019.08.04"]
[Round "3"]
[White "Kralova, Gabriela"]
[Black "Verbin, Valentina"]
[Result "0-1"]
[WhiteElo "1655"]
[BlackElo "1958"]
[PlyCount "90"]
[EventDate "2019.08.02"]
[EventType "swiss"]
[EventRounds "9"]
[EventCountry "SVK"]
[SourceTitle "CBM 191 Extra"]
[Source "ChessBase"]
[SourceDate "2019.09.30"]
[SourceVersion "1"]
[SourceVersionDate "2019.09.30"]
[SourceQuality "1"]

1. d4 Nf6 2. c4 e6 3. Nc3 Bb4 4. Qc2 d5 5. a3 Bxc3+ 6. Qxc3 0-0 7. Nf3 Nbd7 8. Bg5 h6 9. Bh4 b6 10. cxd5 exd5 11. e3 c5 12. Bd3 Bb7 13. 0-0 Qe7 14. Rac1 g5 15. Bg3 Ne4 16. Qc2 f5 17. Ne5 cxd4 18. Ng6 Qf7 19. Nxf8 Rxf8 20. Bxe4 dxe4 21. Bd6 d3 22. Qd2 Re8 23. Rc7 Qe6 24. Bb4 Qd5 25. Qc3 a5 26. Rxb7 axb4 27. Rxd7 Qxd7 28. Qxb4 Re6 29. Rd1 Qd5 30. Qc3 Rc6 31. Qb4 Qc4 32. Qe7 Qe6 33. Qxe6+ Rxe6 34. g3 Rc6 35. f3 Rc2 36. fxe4 fxe4 37. b4 b5 38. h4 Kf7 39. Kf1 Ke6 40. hxg5 hxg5 41. g4 Kd5 42. a4 bxa4 43. b5 Kc5 44. Rb1 d2 45. Ke2 Rc1 0-1

[Event "EU-ch U18 Girls"]
[Site "Bratislava"]
[Date "2019.08.03"]
[Round "2"]
[White "Maksimovic, Masa"]
[Black "Kralova, Gabriela"]
[Result "1-0"]
[WhiteElo "2136"]
[BlackElo "1655"]
[PlyCount "89"]
[EventDate "2019.08.02"]
[EventType "swiss"]
[EventRounds "9"]
[EventCountry "SVK"]
[SourceTitle "CBM 191 Extra"]
[Source "ChessBase"]
[SourceDate "2019.09.30"]
[SourceVersion "1"]
[SourceVersionDate "2019.09.30"]
[SourceQuality "1"]

1. e4 e5 2. Nf3 Nc6 3. Bb5 Bc5 4. 0-0 Qf6 5. c3 Nge7 6. d3 h6 7. Re1 0-0 8. Nbd2 a6 9. Bxc6 Nxc6 10. Nf1 Qg6 11. d4 exd4 12. cxd4 Bb4 13. Bd2 Bxd2 14. Qxd2 d6 15. d5 Ne5 16. Nxe5 dxe5 17. Qc3 Qd6 18. Rac1 Re8 19. Qxc7 Rd8 20. Ne3 b5 21. Rc6 Qxc7 22. Rxc7 Rd6 23. Rec1 Bd7 24. f3 h5 25. Kf2 g6 26. R1c5 f5 27. Ke2 fxe4 28. fxe4 Rf8 29. g3 h4 30. b4 Rf7 31. Rc1 hxg3 32. hxg3 Rh7 33. R7c2 Rh2+ 34. Kd3 Rh3 35. Rg2 Rf6 36. Ke2 Rh7 37. Rf2 Rd6 38. Rcf1 Rh3 39. Rf8+ Kg7 40. R1f7+ Kh6 41. Rh8+ Kg5 42. Rxd7 Rxh8 43. Rxd6 Rh2+ 44. Kf3 Rxa2 45. Re6 1-0